Ricostruisci la Carriera del Calciatore - Luca Marchegiani - Statistics

Statistiche generali
  • Questo quiz è stato fatto 8 volte
  • Il punteggio medio è 4 su 7
Statistiche sulle risposte
Hint Risposta % Corretto
1985-1986 Aurora Latini
80%
1988-1993 Torino
80%
2003-2005 Chievo
60%
1993-2003 Lazio
60%
1987-1988 Brescia
40%
1984-1985 Jesi
20%
1986-1987 Jesi
20%
Nessun quiz corrispondente trovato
Distribuzione punteggi
Percentuale di utenti per punteggio
Percentile per numero di risposta
I tuoi punteggi nel tempo
Non hai fatto questo quiz